000 00458nam a2200181Ia 4500
001 3473
005 20260306145646.0
008 260306t1996||||xx |||||||||||||| ||spa||
041 _aESP
082 _a279.85
_bK59
100 _aKlaiber, Jeffrey
_eAUT
245 0 _aLa iglesia en el Perú:
_bsu historia social desde la independencia
260 _c1996
300 _a557 páginas :
_c20 cm.
650 _aGEN
654 _aCHU
942 _cLIB
_dJUS
_fJUS
_2ddc
_n
999 _c3473
_d3473